Have the government wrapped up insulation ? (Record no. 2157)
[ view plain ]
| 000 -LEADER | |
|---|---|
| fixed length control field | 01385cab a2200265 4500 |
| 001 - CONTROL NUMBER | |
| control field | ABS37285 |
| 008 - FIXED-LENGTH DATA ELEMENTS--GENERAL INFORMATION | |
| fixed length control field | 090401t1987 xxu||||| |||| 00| 0 eng d |
| 035 ## - SYSTEM CONTROL NUMBER | |
| System control number | (Sirsi) u3506 |
| 041 ## - LANGUAGE CODE | |
| Language code of text/sound track or separate title | eng |
| 100 ## - MAIN ENTRY--PERSONAL NAME | |
| Personal name | Mason, D. |
| 245 ## - TITLE STATEMENT | |
| Title | Have the government wrapped up insulation ? |
| 260 ## - PUBLICATION, DISTRIBUTION, ETC. | |
| Date of publication, distribution, etc. | 1987 |
| 350 ## - PRICE (NR) (BK AM CF MU VM SE) [OBSOLETE] | |
| Price | 0 |
| 490 ## - SERIES STATEMENT | |
| Series statement | Surveyor (PWW) |
| Volume/sequential designation | (4927) 15 January 1987, 12-15 (4) |
| 520 ## - SUMMARY, ETC. | |
| Summary, etc. | The government recently announced that 90% of homes in England have insulated roofs. This article takes a critical look at the facts behind the figures. Begins by outlining the present Homes Insulation Scheme before looking at the government`s new proposals - to withdraw the general grant for improvement work, and give a 90% grant to householders on housing or supplementary benefit instead. Highlights the problems raised in determining standards of insulation , and reaction from the housing field to the new proposals. Reports on the results of studies undertaken into energy conservation both is this country and the United States . |
| 650 ## - SUBJECT ADDED ENTRY--TOPICAL TERM | |
| Topical term or geographic name entry element | ASSOCIATION FOR THE CONSERVATION OF ENERGY |
| 650 ## - SUBJECT ADDED ENTRY--TOPICAL TERM | |
| Topical term or geographic name entry element | BUILDING RESEARCH ENERGY CONSERVATION SUPPORT UNIT |
| 650 ## - SUBJECT ADDED ENTRY--TOPICAL TERM | |
| Topical term or geographic name entry element | ENERGY EFFICIENCY YEAR |
| 650 ## - SUBJECT ADDED ENTRY--TOPICAL TERM | |
| Topical term or geographic name entry element | GRANTS |
| 650 ## - SUBJECT ADDED ENTRY--TOPICAL TERM | |
| Topical term or geographic name entry element | ROOF INSULATION |
| 650 ## - SUBJECT ADDED ENTRY--TOPICAL TERM | |
| Topical term or geographic name entry element | THERMAL INSULATION |
| 690 ## - LOCAL SUBJECT ADDED ENTRY--TOPICAL TERM (OCLC, RLIN) | |
| Topical term or geographic name as entry element | BUILDING AND CONSTRUCTION-ENERGY CONSERVATION |
| 942 ## - ADDED ENTRY ELEMENTS (KOHA) | |
| Suppress in OPAC | 0 |
| 948 ## - LOCAL PROCESSING INFORMATION (OCLC); SERIES PART DESIGNATOR (RLIN) | |
| c (OCLC) | 04/03/1997 |
| Withdrawn status | Lost status | Source of classification or shelving scheme | Damaged status | Not for loan | Home library | Current library | Shelving location | Date acquired | Total Checkouts | Full call number | Barcode | Date last seen | Copy number | Price effective from | Koha item type |
|---|---|---|---|---|---|---|---|---|---|---|---|---|---|---|---|
| Dewey Decimal Classification | London | London | Journal article | 14/09/1999 | ABS37285 | 3506-1001 | 06/08/2019 | 1 | 06/08/2019 | Journal article |